Boletín del Ministerio de relaciones Exteriores segunda época ; tratados y convenciones (Registro nro. 62418)

Detalles MARC
000 -ENCABEZADO
Número de control [NR] 00568nam a2200145Ia 4500
008 - DE LONGITUD FIJA DE DATOS DE ELEMENTOS - INFORMACIÓN GENERAL
Elementos de longitud fija [NR] 130821s1931 ck gr spa
040 ## - FUENTE DE CATALOGACION [NR]
Agencia de catalogación original [NR] Co-BoUCM
Idioma de catalogación [NR] spa
041 00 - CODIGO DE IDIOMA [R]
Código de idioma para texto/pista de sonido o título separado [R] Español
245 00 - MENCION DE TITULO [NR]
Título [NR] Boletín del Ministerio de relaciones Exteriores segunda época ; tratados y convenciones
Mención de responsabilidad, etc. [NR] Ministerio de Relaciones Exteriores
260 ## - PUBLICACION, DISTRIBUCION, ETC. (PIE DE IMPRENTA) [R]
Lugar de publicación, distribución, etc. [R] Bogotá (Colombia)
Nombre del editor, distribuidor, etc. [R] Ministerio de Relaciones Exteriores
Fecha de publicación, distribución, etc. [R] 1931
300 ## - DESCRIPCION FISICA [R]
Extensión [R] 815 páginas
651 #7 - ASIENTO SECUNDARIO DE MATERIA - NOMBRE GEOGRAFICO [R]
Nombre geográfico [NR] Colombia
Geographic name following place entry element [OBSOLETE] Relaciones internacionales
9 (RLIN) 26606
942 ## - ELEMENTOS DE ENTRADA AGREGADOS (KOHA)
Tipo de ítem principal el descrito en 300a Libro
Tema principal Ciencia política
Edición 1
Parte restante de la signatura top. C646
Sistema de clasificación DEWEY
Clasificación 327.861
Existencias
Total préstamos Signatura topográfica Código de barras Última vez visto Ejemplar Price effective from Tipo de ítem Perdido Sistema de clasificación Dañado No prestable Tipo de ítem específico Suprimido Ubicación habitual Ubicación actual Localización Fecha de creación Forma de adquisición Costo
  327.861 C646 3000960 15/12/2012 Ej.1 03/02/2013 Libro   DEWEY     Libro     Bib. Cavelier Acavalier 28/02/2013   0.00